Confino, Alon, 1959-. Germany as a culture of remembrance. - Chapel Hill
| Titel: | Confino, Alon, 1959-. Germany as a culture of remembrance. - Chapel Hill : Univ. of North Carolina Press. - 2006 [Rezension] |
|---|---|
| Verfasser: | |
| In: |
Journal of social history, Band 42, Heft 1 (2008 [2009]), Seite 247-249 alle Artikel anzeigen |
| Veröffentlicht: | 2008 [2009] |
| Format: | Aufsatz |
| Sprache: | Englisch |
X
alg: 39491658 001A $01999:12-11-16 001B $03025:12-06-23 $t10:17:27.000 001D $01999:12-11-16 001U $0utf8 001X $00 002@ $0Oox 003@ $0394916581 007A $0394916581 $aHEB 007T $0Herdc0048815m 009Q $uhttp://muse.jhu.edu/journals/journal%5Fof%5Fsocial%5Fhistory/v042/42.1.crew.html $xH 010@ $aeng 011@ $a2009 $n2008 [2009] 021A $aConfino, Alon, 1959-. Germany as a culture of remembrance. - Chapel Hill $dUniv. of North Carolina Press. - 2006 [Rezension] 028A $aCrew $dDavid F. 031A $d42 $e1 $h247-249 $j2008 [2009] 039B $aIn $8--Obvc--. Journal of social history. - Oxford : Oxford University Press, 1967-. - Online-Ressource. - ISSN 1527-1897 $x200800000420001753 $9092463754 039T $8--Aau--Confino, Alon$Z1959- [Tp3]. Germany as a culture of remembrance. - Chapel Hill : Univ. of North Carolina Press, 2006. - XVII, 306 S., [4] Bl.. - Ill.. - ISBN 978-0-8078-5722-9 $9180860666 045F $a900.9437 $eDDC23BSB 045F/01 $a900 045F/03 $g437 045T $aROM $qDE-5 $2FID 045T $aROM $qDE-18 $2FID lok: 39491658 78 exp: 39491658 78 1 #EPN 201B/01 $018-11-16 $t13:08:13.000 201U/01 $0utf8 203@/01 $0791215164 208@/01 $a12-11-16 $be 209A/01 $a/ $f000 $x00 220C/01 $aTitelaufnehmer: pg 220C/01 $aHerkunft: HI Marburg 244Z/01 $2Trx $#Kesk- ja Ida- Euroopa kontseptsioonid $#Vidurio Europos koncepcijos $#East-Central Europe $#Keletközépeurópa-eszmék $#Europa Środkowo-Wschodnia koncepcje $#Európa stredovýchodná koncepcie $#Evropa střední, východní část koncepce $#Mitteleuropa $#Osteuropakonzeptionen $#Europa Środkowa koncepcje $#Stredná Európa koncepcie $#Střední Europa koncepce $8--Trx--Ostmitteleuropakonzeptionen $x01 $9391364286 244Z/01 $2Trx $#arvustused $#recenzijos $#Reviews $#recenziók $#recenzje $#recenzie $#recenze $8--Trx--Rezensionen $x02 $9391357441 244Z/01 $2Trx $8--Trx--elektronische Ressource $x03 $939138452X 247C/01 $82080>Marburg/Lahn, Herder-Institut, Forschungsbibliothek, Bibliographieportal $9336309341
| LEADER | 00000caa a22000002c 4500 | ||
|---|---|---|---|
| 001 | 394916581 | ||
| 003 | DE-603 | ||
| 005 | 20230612101727.0 | ||
| 007 | cr|||||||||||| | ||
| 008 | 161112s2009 xx |||| o| u00||u|eng c | ||
| 035 | |a (DE-599)HEB394916581 | ||
| 040 | |a DE-603 |b ger |c DE-603 |d DE-603 | ||
| 041 | |a eng | ||
| 082 | 0 | 4 | |8 1\u |a 900.9437 |q DE-101 |2 23/BSB |
| 084 | |a ROM |q DE-5 |2 fid | ||
| 084 | |a ROM |q DE-18 |2 fid | ||
| 085 | |8 1\u |b 900 | ||
| 085 | |8 1\u |z 2 |s 437 | ||
| 100 | 1 | |a Crew, David F. | |
| 245 | 0 | 0 | |a Confino, Alon, 1959-. Germany as a culture of remembrance. - Chapel Hill |b Univ. of North Carolina Press. - 2006 [Rezension] |
| 264 | 0 | |c 2008 [2009] | |
| 773 | 0 | 8 | |i In |t Journal of social history |d Oxford : Oxford University Press, 1967- |h Online-Ressource |x 1527-1897 |g Band 42, Heft 1 (2008 [2009]), Seite 247-249 |w (DE-603)092463754 |w (DE-600)2007084-6 |
| 787 | 0 | 8 | |i Rezension von |a Confino, Alon, 1959- |t Germany as a culture of remembrance |d Chapel Hill : Univ. of North Carolina Press, 2006 |h XVII, 306 S., [4] Bl., Ill. |z 080785722X |z 9780807857229 |z 0807830429 |z 9780807830420 |w (DE-603)180860666 |
| 856 | |u http://muse.jhu.edu/journals/journal%5Fof%5Fsocial%5Fhistory/v042/42.1.crew.html |x Verlag | ||
| 924 | 1 | |9 2080 |a (DE-603)791215164 |b DE-2080 |c HES |d d |g / | |


